Datum a čas kvízu
36.5
Celkem bodů
Celkový počet nahraných bodů na tomto kvízu bez doplňovacích otázek.
1.
Pořadí na kvízu
Konečné umístění týmu na tomto kvízu.
Zaznamenané odpovědi
| # | Otázka | Odpověď | Body | Výsledky |
|---|---|---|---|---|
| 1. | Do pražských ulic vyjela tramv... | 1 | ||
| 2. | Minulé úterý oznámila média sm... | 1 | ||
| 3. | Moderátorský tým motoristickéh... | 1 | ||
| 4. | Známá společnost v úterý otevř... | 1 | ||
| 5. | Serena Willliamsová při svém n... | 1 | ||
| 6. | Toto téma je dalším, které jst... | 0 | ||
| 7. | Napište název básně ze sbírky... | 0 | ||
| 5. | Velmi osobitou postavou české... | 1 | ||
| 5. | Jak se jmenoval levicový uměle... | 1 | ||
| 10. | Ve šlépějích známého českého s... | 1 |